ACC Football Champions by Year - Statistics

General Stats
  • This quiz has been taken 51 times
  • The average score is 19 of 32
Answer Stats
Season Champion % Correct
2020 Clemson Tigers
97%
2017 Clemson Tigers
97%
2019 Clemson Tigers
94%
2018** Clemson Tigers
94%
2016** Clemson Tigers
94%
2015 Clemson Tigers
94%
2014 Florida State Seminoles
89%
2012 Florida State Seminoles
89%
2013** Florida State Seminoles
86%
2021 Pittsburgh Panthers
86%
2011 Clemson Tigers
81%
2010 Virginia Tech Hokies
56%
2005 Florida State Seminoles
53%
1999** Florida State Seminoles
53%
1998* Florida State Seminoles
53%
2009 Georgia Tech Yellow Jackets
53%
2003 Florida State Seminoles
50%
2002 Florida State Seminoles
50%
2000 Florida State Seminoles
50%
2008 Virginia Tech Hokies
50%
2007 Virginia Tech Hokies
47%
1997 Florida State Seminoles
42%
1996 Florida State Seminoles
42%
1995* Florida State Seminoles
42%
1993** Florida State Seminoles
39%
1992 Florida State Seminoles
36%
2004 Virginia Tech Hokies
36%
2006 Wake Forest Demon Deacons
36%
1994 Florida State Seminoles
33%
1998* Georgia Tech Yellow Jackets
31%
2001 Maryland Terrapins
22%
1995* Virginia Cavaliers
22%
No matching quizzes found
Score Distribution
Percent of People with Each Score
Percentile by Number Answered
Your Score History
You have not taken this quiz